| 000 | 00723cam a2200157 4500500 | ||
|---|---|---|---|
| 005 | 20260405003313.0 | ||
| 041 | _afre | ||
| 042 | _adc | ||
| 100 | 1 | 0 |
_aSkoric, Arthur _eauthor |
| 245 | 0 | 0 | _aMichel Biard Histoire politique du Panthéon De 1791 à nos jours. Presses universitaires de France, 2025, 392 pages, 23 €. |
| 260 | _c2026. | ||
| 500 | _a28 | ||
| 520 | _aLouise Nevelson transforme rebuts et fragments en visions monumentales. À Metz, une exposition révèle l’univers onirique et dansant de cette artiste majeure du XXe siècle. | ||
| 786 | 0 | _nÉtudes | - | 4 | 2026-03-31 | p. 128-128 | 0014-1941 | |
| 856 | 4 | 1 | _uhttps://shs.cairn.info/revue-etudes-2026-4-page-128?lang=fr&redirect-ssocas=7080 |
| 999 |
_c2066303 _d2066303 |
||